书目信息 |
| 题名: |
政治经济学
|
|
| 作者: | 孙孺 , 卓炯 主编 | |
| 分册: | 资本主义部分 | |
| 出版信息: | 北京 1978.10 |
|
| 页数: | 227页 | |
| 开本: | 19cm | |
| 丛书名: | ||
| 单 册: | ||
| 中图分类: | F02 | |
| 科图分类: | ||
| 主题词: | 前资本主义社会--生产方式 | |
| 电子资源: | ||
| ISBN: | ||
| 000 | 00643nam0 2200229 45 | |
| 001 | 0009201784 | |
| 005 | 20031219104059.5 | |
| 010 | @dCNY0.47 | |
| 091 | @a4001.339 | |
| 100 | @a20000920d1978 km y0chiy0120 ea | |
| 101 | 0 | @achi |
| 105 | @a z 000yy | |
| 200 | 1 | @a政治经济学@AZheng Zhi Jing Ji Xue@i资本主义部分@f孙孺,卓炯主编@FSun Ru,Zhuo Jiong Zhu Bian |
| 210 | @a北京@b人民出版社@d1978.10 | |
| 215 | @a227页@d19cm | |
| 517 | @a资本主义部分@AZi Ben Zhu Yi Bu Fen | |
| 606 | 0 | @a前资本主义社会@x生产方式 |
| 690 | @aF02@v1 | |
| 701 | 0 | @a孙孺@4主编 |
| 701 | 0 | @a卓炯@4主编 |
| 801 | @aCN@bTSTC@c20021107 | |
| 905 | @dF02@e2@f1@b4208 | |
| 政治经济学.资本主义部分/孙孺,卓炯主编.-北京(人民出版社),1978.10 |
| 227页;19cm |
| ISBN :CNY0.47 |
| ● |
| 相关链接 |
|
|
|
|
正题名:政治经济学
索取号:F02/2
 
预约/预借
| 序号 | 登录号 | 条形码 | 馆藏地/架位号 | 状态 | 备注 |
| 1 | 0004208 | 001617619 | 密集书库/ [索取号:F02/2] | 在馆 | |
| 2 | 0004213 | 001617566 | 密集书库/ [索取号:F02/2] | 在馆 | |
| 3 | 0004215 | 001616969 | 密集书库/ [索取号:F02/2] | 在馆 | |
| 4 | 0004217 | 001270653 | 第一样本阅览室/ [索取号:F02/2] | 在馆 |